[Event "AUTO-ADV-1070"]
[Site "http://www.queenalice.com/game.php?id=476071"]
[Date "2008.10.11"]
[Round "1"]
[White "Nephi_R"]
[Black "Lukas_bala_Pirai"]
[Result "0-1"]
[WhiteElo "1624"]
[BlackElo "1690"]

1. Nf3 c5 2. g3 Nc6 3. Bg2 d6 4. d3 Bg4 5. Nbd2 Nf6 6. h3 Bxf3 7. Nxf3 e6 8. e4
Be7 9. c3 O-O 10. O-O Rc8 0-1

[Event "AUTO-ADV-1070"]
[Site "http://www.queenalice.com/game.php?id=476072"]
[Date "2008.10.11"]
[Round "1"]
[White "Lukas_bala_Pirai"]
[Black "Nephi_R"]
[Result "1-0"]
[WhiteElo "1675"]
[BlackElo "1639"]

1. c4 e5 2. Nc3 Nc6 3. g3 g6 4. Bg2 Nge7 5. d3 Bg7 6. Be3 Nf5 7. Qd2 Nxe3 8.
Qxe3 Nd4 9. O-O-O O-O 10. Qd2 c6 11. e3 1-0

[Event "AUTO-ADV-1070"]
[Site "http://www.queenalice.com/game.php?id=476085"]
[Date "2008.10.11"]
[Round "1"]
[White "Lukas_bala_Pirai"]
[Black "flopp"]
[Result "0-1"]
[WhiteElo "1764"]
[BlackElo "1698"]

1. e4 e5 2. Nf3 Nc6 3. Bc4 Nf6 4. Nc3 Bb4 5. Ng5 O-O 6. O-O d6 7. h3 h6 8. Nf3
Bxc3 9. dxc3 Nxe4 10. Re1 Nf6 11. Nh4 Be6 12. Bxe6 fxe6 13. Re3 Nh7 14. Qg4 Ne7
15. Rg3 g5 16. Qxe6+ Kh8 17. Qxh6 Rf6 18. Qh5 gxh4 19. Rg4 Qf8 20. Bh6 Rxh6 0-1

[Event "AUTO-ADV-1070"]
[Site "http://www.queenalice.com/game.php?id=476086"]
[Date "2008.10.11"]
[Round "1"]
[White "flopp"]
[Black "Lukas_bala_Pirai"]
[Result "1-0"]
[WhiteElo "1699"]
[BlackElo "1800"]

1. e4 e5 2. Nf3 Nc6 3. Bb5 a6 4. Ba4 b5 5. Bb3 Nf6 6. O-O Nxe4 7. Re1 d5 8. d3
Nf6 9. Nxe5 Nxe5 10. Rxe5+ Be7 11. Bg5 c6 12. Bxf6 gxf6 13. Re1 Rg8 14. Qf3 Qd6
15. Nd2 Be6 16. d4 O-O-O 17. a4 Qb4 18. axb5 cxb5 19. c3 Qd6 20. Bc2 Qd7 21. Nf1
Bh3 22. Ng3 Bg4 23. Qe3 Rde8 24. Qf4 h5 25. Bf5 Bxf5 26. Qxf5 h4 27. Qxd7+ Kxd7
28. Nf5 h3 29. g3 Rg5 30. Rxe7+ Rxe7 31. Nxe7 Kxe7 32. Rxa6 Rg4 33. f3 Rg8 34.
Rb6 Ra8 35. Kf2 Ra1 36. g4 1-0

[Event "AUTO-ADV-1070"]
[Site "http://www.queenalice.com/game.php?id=476087"]
[Date "2008.10.11"]
[Round "1"]
[White "Lukas_bala_Pirai"]
[Black "Richardlim"]
[Result "0-1"]
[WhiteElo "1782"]
[BlackElo "1846"]

1. e4 e5 2. Nf3 Nc6 3. Bc4 Be7 4. d3 Nd4 5. Nxe5 Ne6 6. Qf3 Bf6 7. Bxe6 dxe6 8.
Ng4 e5 9. Nc3 Bxg4 10. Qxg4 c6 11. O-O h5 12. Qe2 h4 13. h3 Bg5 0-1

[Event "AUTO-ADV-1070"]
[Site "http://www.queenalice.com/game.php?id=476088"]
[Date "2008.10.11"]
[Round "1"]
[White "Richardlim"]
[Black "Lukas_bala_Pirai"]
[Result "1-0"]
[WhiteElo "1815"]
[BlackElo "1813"]

1. e4 e5 2. Nf3 Nc6 3. Bb5 a6 4. Bxc6 bxc6 5. Nxe5 Qe7 6. Nf3 Qxe4+ 7. Qe2 Qxe2+
8. Kxe2 Nf6 9. Re1 d6 10. Kf1+ Be6 11. Ng5 Kd7 12. Nc3 Re8 13. Nf3 1-0

[Event "AUTO-OPEN-1299"]
[Site "http://www.queenalice.com/game.php?id=476183"]
[Date "2008.10.11"]
[Round "1"]
[White "LeroyGreat"]
[Black "Lukas_bala_Pirai"]
[Result "1-0"]
[WhiteElo "1814"]
[BlackElo "1801"]

1. e4 e5 2. Nf3 Nc6 3. Nc3 Bc5 4. Bb5 a6 5. Bxc6 bxc6 6. Nxe5 Qh4 7. O-O Nf6 8.
d4 Bb4 9. f3 d6 10. Nd3 Bxc3 11. bxc3 Rb8 12. a4 O-O 13. Qe1 Qh5 14. Qg3 Re8 15.
Bg5 Qg6 16. Qh4 Nh5 17. g4 f6 18. Bd2 f5 19. Qxh5 1-0

[Event "AUTO-OPEN-1299"]
[Site "http://www.queenalice.com/game.php?id=476184"]
[Date "2008.10.11"]
[Round "1"]
[White "Lukas_bala_Pirai"]
[Black "LeroyGreat"]
[Result "1-0"]
[WhiteElo "1766"]
[BlackElo "1819"]

1. e4 c6 2. d4 d5 3. e5 c5 4. Nf3 Nc6 5. Bb5 a6 6. Bxc6+ bxc6 7. c3 Bf5 8. O-O
Qc7 9. Re1 O-O-O 10. Ng5 f6 11. Nf7 1-0

[Event "AUTO-OPEN-1299"]
[Site "http://www.queenalice.com/game.php?id=476209"]
[Date "2008.10.11"]
[Round "1"]
[White "Iron_Flower"]
[Black "Lukas_bala_Pirai"]
[Result "1-0"]
[WhiteElo "1203"]
[BlackElo "1818"]

1. d4 d5 2. c4 c6 3. Nc3 Nf6 4. Nf3 Bf5 5. e3 e6 6. Bd3 Bxd3 7. Qxd3 Bb4 8. Bd2
Ne4 9. Nxe4 dxe4 10. Qxe4 Bxd2+ 11. Nxd2 O-O 12. O-O Nd7 13. Nf3 Nf6 14. Qd3 c5
15. Rfd1 cxd4 16. Qxd4 Qxd4 17. Nxd4 Rfd8 18. Nf3 Ne4 19. b3 Nc3 20. Rxd8+ Rxd8
21. Kf1 Rd6 22. Ke1 Ra6 23. a3 Rb6 24. b4 Rc6 25. c5 b6 26. Nd4 Rc8 27. c6 Nd5
28. b5 Nc7 29. a4 Rd8 30. Rd1 a6 31. Ke2 Nd5 32. Rc1 a5 33. g3 Rc8 34. e4 Nf6
35. Rd1 Nxe4 36. Rd3 Nc5 37. Ra3 e5 38. Nb3 Ne4 39. f3 Nc3+ 40. Kd3 Nd5 41. Ke4
Nc3+ 42. Kxe5 Re8+ 43. Kd6 Re6+ 44. Kd7 Nd5 45. c7 Nf6+ 46. Kc8 Ne8 47. Kb8 1-0

[Event "AUTO-OPEN-1299"]
[Site "http://www.queenalice.com/game.php?id=476210"]
[Date "2008.10.11"]
[Round "1"]
[White "Lukas_bala_Pirai"]
[Black "Iron_Flower"]
[Result "1-0"]
[WhiteElo "1766"]
[BlackElo "1100"]

1. e4 d5 2. exd5 Qxd5 3. Nc3 Qa5 4. Nf3 Nf6 5. Bc4 Bg4 6. O-O Nbd7 7. h3 Bh5 8.
d3 c6 9. Bf4 e6 10. Re1 Nd5 11. Bxd5 cxd5 12. Bd2 Qc7 13. Nxd5 Qc6 14. Nc3 Bxf3
15. Qxf3 Qxf3 16. gxf3 Bc5 17. Nb5 Ne5 18. Rxe5 1-0

[Event "AUTO-OPEN-1299"]
[Site "http://www.queenalice.com/game.php?id=476227"]
[Date "2008.10.11"]
[Round "1"]
[White "Lukas_bala_Pirai"]
[Black "MCMLXXXI"]
[Result "0-1"]
[WhiteElo "1733"]
[BlackElo "1695"]

1. c4 e5 2. Nc3 Bc5 3. d3 Nf6 4. Bg5 c6 5. a3 d5 6. e3 Be6 7. Qb3 Bb6 8. Nf3 d4
9. exd4 exd4 10. Na4 Nbd7 11. Bxf6 Nxf6 12. Nxb6 Qxb6 13. Qxb6 axb6 14. Nxd4 Bd7
15. Be2 c5 16. Nf3 O-O 17. O-O Bc6 18. Rfe1 b5 19. Ne5 Rfe8 20. Nxc6 bxc6 21.
Bf3 Rac8 22. Rxe8+ Nxe8 23. Re1 Nf6 24. cxb5 cxb5 25. Re7 c4 26. Be2 Kf8 27. Rb7
Rc5 28. dxc4 bxc4 29. a4 Ne4 30. Rb5 Rc6 31. a5 c3 32. Rb8+ Ke7 33. bxc3 Rxc3
34. Rb2 Ra3 0-1

[Event "AUTO-OPEN-1299"]
[Site "http://www.queenalice.com/game.php?id=476228"]
[Date "2008.10.11"]
[Round "1"]
[White "MCMLXXXI"]
[Black "Lukas_bala_Pirai"]
[Result "1-0"]
[WhiteElo "1713"]
[BlackElo "1692"]

1. e4 e5 2. Nf3 Nc6 3. Bb5 a6 4. Ba4 b5 5. Bb3 Bc5 6. c3 d6 7. h3 Nf6 8. d3 h6
9. Be3 Bxe3 10. fxe3 O-O 11. Nh4 Kh8 12. Nd2 Qe7 13. Rf1 Be6 14. Bxe6 Qxe6 15.
Nf5 Ne7 16. Nh4 Nh5 17. Qf3 Nf6 18. Nf5 Kh7 19. g4 Ng6 20. h4 Ne7 21. g5 Nfg8
22. d4 c6 23. Qg4 Qg6 24. Nf3 h5 25. Nxe7 Nxe7 26. Qd7 Rfe8 27. Nd2 Rad8 28. Qb7
a5 29. O-O-O exd4 30. exd4 d5 31. Rde1 Nc8 32. Rxf7 dxe4 33. Nxe4 Rxe4 34. Rxe4
Nd6 35. Qe7 1-0

[Event "Challenge"]
[Site "http://www.queenalice.com/game.php?id=478771"]
[Date "2008.10.17"]
[Round "-"]
[White "Lukas_bala_Pirai"]
[Black "dotromundo"]
[Result "1-0"]
[WhiteElo "1780"]
[BlackElo "1914"]

1. c4 e5 2. Nc3 Bc5 3. Nf3 Nc6 4. g3 Nf6 5. Bg2 d6 6. d3 Ng4 7. O-O a6 8. Ne4
Bb6 9. h3 f5 10. Nc3 Nf6 11. Bg5 Be6 12. b3 O-O 13. e3 Ba5 14. Ne2 e4 15. dxe4
fxe4 16. Nfd4 Bf7 17. Nxc6 bxc6 18. Bxe4 d5 19. cxd5 cxd5 20. Bxf6 Qxf6 21. Bxd5
Rad8 22. Bxf7+ Rxf7 23. Qc2 Rd2 24. Qc4 Bb6 25. Nf4 g5 26. Nd5 Qd6 27. Nxb6 Qxb6
28. a4 a5 29. Rad1 Rxf2 30. Rxf2 Qxe3 31. Qxf7+ Kh8 32. Qf8# 1-0

[Event "Challenge"]
[Site "http://www.queenalice.com/game.php?id=479497"]
[Date "2008.10.18"]
[Round "-"]
[White "Lukas_bala_Pirai"]
[Black "marcet"]
[Result "0-1"]
[WhiteElo "1780"]
[BlackElo "1890"]

1. e4 e6 2. d4 d5 3. e5 c5 4. c3 a6 5. Nf3 c4 6. Bf4 b5 7. Be2 Ne7 8. O-O Nbc6
9. b3 Ng6 10. Qd2 Be7 11. Rd1 O-O 12. Qe3 f6 13. Nbd2 a5 14. bxc4 bxc4 15. Rab1
Nxf4 16. Qxf4 fxe5 17. Qg3 exd4 18. Nxd4 Nxd4 19. cxd4 Bh4 20. Qe5 Bxf2+ 0-1

[Event "AUTO-OPEN-1192"]
[Site "http://www.queenalice.com/game.php?id=482795"]
[Date "2008.10.25"]
[Round "2"]
[White "kamikaze"]
[Black "Lukas_bala_Pirai"]
[Result "1-0"]
[WhiteElo "2117"]
[BlackElo "1794"]

1. d4 d5 2. Bf4 Nc6 3. c4 Nf6 4. cxd5 Nxd5 5. Bg3 Ndb4 6. a3 Na6 7. Nf3 Bg4 8.
e3 e6 9. h3 Bh5 10. Be2 Bd6 11. Bh4 f6 12. Nc3 Ne7 13. O-O O-O 14. Rc1 c6 15.
Ne4 Bb8 16. Bg3 Bxg3 17. Nxg3 Bxf3 18. Bxf3 Nc7 19. b4 1-0

[Event "AUTO-OPEN-1192"]
[Site "http://www.queenalice.com/game.php?id=482796"]
[Date "2008.10.25"]
[Round "2"]
[White "Lukas_bala_Pirai"]
[Black "kamikaze"]
[Result "0-1"]
[WhiteElo "1797"]
[BlackElo "2112"]

1. e4 e5 2. Nf3 d6 3. Bc4 h6 4. O-O Nf6 5. d3 a5 6. h3 b5 7. Bxb5+ c6 8. Ba4 Bd7
9. Nc3 Be7 10. Be3 Na6 11. a3 O-O 12. Bb3 Nc7 13. Bb6 Qb8 14. Bxc7 Qxc7 15. Re1
Qc8 16. Nh4 Re8 17. Na4 Bd8 18. Qf3 Be6 0-1

[Event "AUTO-OPEN-1192"]
[Site "http://www.queenalice.com/game.php?id=482803"]
[Date "2008.10.25"]
[Round "2"]
[White "filatelista"]
[Black "Lukas_bala_Pirai"]
[Result "1-0"]
[WhiteElo "2078"]
[BlackElo "1791"]

1. d4 Nf6 2. c4 g6 3. Nf3 Bg7 4. Nc3 c6 5. e4 d6 6. h3 O-O 7. Bd3 Nbd7 8. O-O c5
9. d5 b6 10. Bd2 Ba6 11. Rb1 Ne8 12. Qa4 Qc8 13. Rfe1 Ne5 14. Nxe5 Bxe5 15. Ne2
Ng7 16. b4 Rd8 17. b5 Bb7 18. Qd1 Qd7 19. Bf4 1-0

[Event "AUTO-OPEN-1192"]
[Site "http://www.queenalice.com/game.php?id=482804"]
[Date "2008.10.25"]
[Round "2"]
[White "Lukas_bala_Pirai"]
[Black "filatelista"]
[Result "0-1"]
[WhiteElo "1786"]
[BlackElo "2083"]

1. e4 e5 2. Nf3 d6 3. Bc4 h6 4. O-O Nf6 5. Nc3 c6 6. d4 exd4 7. Nxd4 Be7 8. Re1
O-O 9. Bf4 a6 10. e5 dxe5 11. Bxe5 Nbd7 12. Nf5 Nxe5 13. Qxd8 Bxd8 14. Rxe5 Bxf5
15. Rxf5 b5 16. Bd3 Bb6 17. Re1 Rad8 18. Re7 Bd4 19. Rc7 Rfe8 0-1

[Event "AUTO-OPEN-1192"]
[Site "http://www.queenalice.com/game.php?id=482809"]
[Date "2008.10.25"]
[Round "2"]
[White "Lukas_bala_Pirai"]
[Black "adilson_camargo"]
[Result "0-1"]
[WhiteElo "1769"]
[BlackElo "1898"]

1. c4 Nf6 2. Nc3 g6 3. g3 Bg7 4. Bg2 e6 5. Nf3 d5 6. cxd5 Nxd5 7. Nxd5 exd5 8.
O-O Bg4 9. d3 O-O 10. Bf4 Nc6 11. Qb3 Na5 12. Qb5 b6 13. e3 a6 14. Qb4 c5 15.
Qa3 Nc6 16. Rfd1 Re8 17. Qb3 b5 18. Rac1 c4 19. Qc2 Nb4 20. Qb1 Nxd3 21. Rxd3
cxd3 22. Qxd3 Bxb2 23. Rc7 Bg7 24. Ng5 Be6 25. Rc5 Rc8 26. Rxc8 Qxc8 27. h4 Bf5
0-1

[Event "AUTO-OPEN-1192"]
[Site "http://www.queenalice.com/game.php?id=482810"]
[Date "2008.10.25"]
[Round "2"]
[White "adilson_camargo"]
[Black "Lukas_bala_Pirai"]
[Result "1-0"]
[WhiteElo "1909"]
[BlackElo "1742"]

1. d4 d5 2. c4 c6 3. Nc3 Nf6 4. Bg5 e6 5. Nf3 Nbd7 6. cxd5 cxd5 7. Ne5 Be7 8. e3
O-O 9. Nxd7 Bxd7 10. Bd3 Rc8 11. O-O h6 12. Bxf6 Bxf6 13. a3 Qb6 14. Qd2 Rfe8
15. Rac1 Be7 16. Rfe1 Bd6 17. Bb1 Bb8 18. Qd3 g6 19. e4 dxe4 20. Nxe4 Kg7 21. b4
Bc6 22. Nc5 Qc7 23. g3 e5 24. dxe5 Rxe5 25. Qc3 Re8 26. f4 f6 27. fxe5 Rxe5 28.
Rxe5 1-0

[Event "Challenge"]
[Site "http://www.queenalice.com/game.php?id=483078"]
[Date "2008.10.26"]
[Round "-"]
[White "coccobill"]
[Black "Lukas_bala_Pirai"]
[Result "0-1"]
[WhiteElo "1875"]
[BlackElo "1799"]

1. d4 d5 2. c4 c6 3. e3 Nf6 4. Bd3 e6 5. Ne2 Bb4+ 6. Nbc3 O-O 7. O-O Bxc3 8.
bxc3 Qc7 9. Qc2 g6 10. Nf4 h5 11. Nh3 Ng4 12. g3 e5 13. e4 exd4 14. Bf4 Qe7 15.
exd5 Ne5 16. Bxe5 Qxe5 17. Rfe1 Qf6 18. Nf4 dxc3 19. Re3 Nd7 20. Rae1 Nc5 21.
Bf1 Bf5 22. Qxc3 Qxc3 23. Rxc3 cxd5 24. cxd5 Ne4 25. Rc7 Nd2 26. Bg2 Rfe8 27.
Rd1 Ne4 28. d6 Red8 29. Bxe4 Bxe4 30. Re1 Bf3 31. d7 Kg7 32. Re3 Bc6 33. Re7 Kf6
34. Re8 Rxd7 35. Rxd7 Rxe8 36. Rd1 Kg7 37. Kf1 Bb5+ 38. Kg2 Bc4 39. Rd2 Re5 40.
Kf3 Ra5 0-1